Nové trendy v oblasti vzdelávania na Podnikovohospodárskej fakulte Ekonomickej univerzity v Bratislave

Zhodnotenie prínosu vzdelávania založeného na využívaní počítačových sietí a informačných a komunikačných technológií. Dotazníkový prieskum vykonaný na Podnikovohospodárskej fakulte EU v Michalovciach. Prieskumu sa zúčastnilo 35 vysokoškolských učiteľov. Vyhodnotenie dotazníkov sa uskutočnilo pomoco...

Descrizione completa

Salvato in:
Dettagli Bibliografici
Autore principale: Stričík, Michal, 1969-
Altri autori: Polák, Matej, Meheš, Marek
Natura: Capitolo di libro
Lingua:slovacco
Soggetti:
Tags: Aggiungi Tag
Nessun Tag, puoi essere il primo ad aggiungerne!!

MARC

LEADER 00000naa$a2200000$$$4500
001 0093211
005 20240502083236.4
041 0 |a slo 
044 |a UA 
245 1 0 |a Nové trendy v oblasti vzdelávania na Podnikovohospodárskej fakulte Ekonomickej univerzity v Bratislave  |c Michal Stričík, Matej Polák, Marek Meheš 
520 |a Zhodnotenie prínosu vzdelávania založeného na využívaní počítačových sietí a informačných a komunikačných technológií. Dotazníkový prieskum vykonaný na Podnikovohospodárskej fakulte EU v Michalovciach. Prieskumu sa zúčastnilo 35 vysokoškolských učiteľov. Vyhodnotenie dotazníkov sa uskutočnilo pomocou počítačového programu Microsoft Excel. 
610 2 0 |a školy vysoké 
610 2 0 |a univerzity 
610 2 0 |a vzdelávanie vysokoškolské 
610 2 0 |a vyučovanie 
610 2 0 |a vzdelávanie elektronické 
610 2 0 |a technológie informačné 
610 2 0 |a technológie komunikačné 
610 2 0 |a prieskum informačný 
610 2 0 |a dotazníky 
100 1 |a Stričík, Michal, 1969- 
700 1 |a Polák, Matej 
700 1 |a Meheš, Marek